[Event "French Blitz Championship"]
[Site "portmarly2022.ffechecs.org"]
[Date "2022.05.28"]
[Round "10"]
[White "Boyer, Mahel"]
[Black "Bournel, Antoine"]
[Result "1-0"]
[Board "5"]
[WhiteElo "2328"]
[WhiteTitle "IM"]
[WhiteCountry "FRA"]
[WhiteFideId "45102422"]
[WhiteEloChange "4"]
[BlackElo "2096"]
[BlackTitle "FM"]
[BlackCountry "FRA"]
[BlackFideId "26093553"]
[BlackEloChange "-4"]

1. d4 {[%clk 0:05:05]} Nf6 {[%clk 0:05:06]} 2. c4 {[%clk 0:05:07]} e6 {[%clk
0:05:08]} 3. Nf3 {[%clk 0:05:09]} d5 {[%clk 0:05:10]} 4. Nc3 {[%clk 0:05:11]} Bb4
{[%clk 0:05:13]} 5. a3 {[%clk 0:05:13]} Bxc3+ {[%clk 0:05:11]} 6. bxc3 {[%clk
0:05:15]} c5 {[%clk 0:05:07]} 7. a4 {[%clk 0:05:12]} Qc7 {[%clk 0:04:38]} 8. e3
{[%clk 0:05:02]} O-O {[%clk 0:03:45]} 9. Ba3 {[%clk 0:04:54]} b6 {[%clk 0:03:39]}
10. cxd5 {[%clk 0:03:57]} exd5 {[%clk 0:03:33]} 11. c4 {[%clk 0:03:34]} Rd8
{[%clk 0:03:03]} 12. cxd5 {[%clk 0:03:35]} cxd4 {[%clk 0:02:42]} 13. Rc1 {[%clk
0:03:34]} Qb7 {[%clk 0:02:18]} 14. Qxd4 {[%clk 0:02:19]} Rxd5 {[%clk 0:01:48]}
15. Qb4 {[%clk 0:02:20]} Rd8 {[%clk 0:00:59]} 16. Bb5 {[%clk 0:02:08]} Be6 {[%clk
0:00:37]} 17. O-O {[%clk 0:01:23]} a6 {[%clk 0:00:37]} 18. Be2 {[%clk 0:01:23]}
Nbd7 {[%clk 0:00:20]} 19. Nd4 {[%clk 0:01:20]} Bd5 {[%clk 0:00:19]} 20. f3 {[%clk
0:01:22]} Nc5 {[%clk 0:00:08]} 21. e4 {[%clk 0:01:13]} Be6 {[%clk 0:00:05]} 22.
a5 {[%clk 0:00:57]} Rac8 {[%clk 0:00:05]} 23. axb6 {[%clk 0:00:50]} a5 {[%clk
0:00:05]} 24. Qxa5 {[%clk 0:00:40]} Rxd4 {[%clk 0:00:04]} 25. Rxc5 {[%clk
0:00:38]} Ra8 {[%clk 0:00:04]} 26. Qc3 {[%clk 0:00:33]} Rdd8 {[%clk 0:00:04]} 27.
Rb1 {[%clk 0:00:29]} Nd7 {[%clk 0:00:04]} 28. Rc7 {[%clk 0:00:29]} Qb8 {[%clk
0:00:06]} 29. Be7 {[%clk 0:00:17]} Re8 {[%clk 0:00:07]} 30. Bd6 {[%clk 0:00:19]}
Nxb6 {[%clk 0:00:08]} 31. Rc6 {[%clk 0:00:21]} Na4 {[%clk 0:00:08]} 32. Rxb8
{[%clk 0:00:21]} Raxb8 {[%clk 0:00:05]} 33. Qc2 {[%clk 0:00:20]} Ra8 {[%clk
0:00:05]} 34. Ba6 {[%clk 0:00:20]} Red8 {[%clk 0:00:04]} 35. Qxa4 {[%clk
0:00:20]} Bd7 {[%clk 0:00:06]} 36. Bc7 {[%clk 0:00:15]} Re8 {[%clk 0:00:06]} 37.
Qc4 {[%clk 0:00:15]} Bxc6 {[%clk 0:00:06]} 38. Qxc6 {[%clk 0:00:15]} h6 {[%clk
0:00:06]} 39. h4 {[%clk 0:00:17]} Rf8 {[%clk 0:00:06]} 40. Bc4 {[%clk 0:00:17]}
Ra3 {[%clk 0:00:05]} 41. h5 {[%clk 0:00:18]} Ra7 {[%clk 0:00:06]} 42. Qc5 {[%clk
0:00:17]} Ra1+ {[%clk 0:00:06]} 43. Kh2 {[%clk 0:00:18]} Rc8 {[%clk 0:00:07]} 44.
Bxf7+ {[%clk 0:00:15]} Kh8 {[%clk 0:00:05]} 45. Qd5 {[%clk 0:00:09]} Ra7 {[%clk
0:00:05]} 46. Be5 {[%clk 0:00:09]} Raa8 {[%clk 0:00:04]} 47. Qe6 {[%clk 0:00:09]}
Rf8 {[%clk 0:00:04]} 48. Qxh6# {[%clk 0:00:07]} 1-0

[Event "French Blitz Championship"]
[Site "portmarly2022.ffechecs.org"]
[Date "2022.05.28"]
[Round "10"]
[White "Karagyozian, Edgar"]
[Black "Fressinet, Laurent"]
[Result "0-1"]
[Board "6"]
[WhiteElo "2199"]
[WhiteTitle "CM"]
[WhiteCountry "FRA"]
[WhiteFideId "13303341"]
[WhiteEloChange "-2"]
[BlackTitle "GM"]
[BlackElo "2677"]
[BlackCountry "FRA"]
[BlackFideId "608742"]
[BlackEloChange "1"]

1. d4 {[%clk 0:05:05]} Nf6 {[%clk 0:05:05]} 2. Nf3 {[%clk 0:05:07]} g6 {[%clk
0:05:04]} 3. Nbd2 {[%clk 0:05:08]} d5 {[%clk 0:05:03]} 4. e3 {[%clk 0:05:10]} Bg7
{[%clk 0:05:05]} 5. Bd3 {[%clk 0:05:11]} O-O {[%clk 0:04:58]} 6. O-O {[%clk
0:05:13]} Nbd7 {[%clk 0:04:54]} 7. c4 {[%clk 0:04:51]} c5 {[%clk 0:04:52]} 8. b3
{[%clk 0:04:48]} cxd4 {[%clk 0:04:48]} 9. exd4 {[%clk 0:04:48]} b6 {[%clk
0:04:47]} 10. Bb2 {[%clk 0:04:45]} Bb7 {[%clk 0:04:49]} 11. Rc1 {[%clk 0:04:38]}
Nh5 {[%clk 0:04:36]} 12. g3 {[%clk 0:04:36]} Nc5 {[%clk 0:04:25]} 13. Bb1 {[%clk
0:04:13]} Ne6 {[%clk 0:04:26]} 14. Re1 {[%clk 0:03:58]} Rc8 {[%clk 0:04:16]} 15.
cxd5 {[%clk 0:02:39]} Bxd5 {[%clk 0:03:56]} 16. Rxc8 {[%clk 0:02:36]} Qxc8 {[%clk
0:03:57]} 17. Be4 {[%clk 0:02:34]} Qb7 {[%clk 0:03:54]} 18. Qe2 {[%clk 0:02:30]}
Rd8 {[%clk 0:03:47]} 19. Rc1 {[%clk 0:02:12]} Nf6 {[%clk 0:03:32]} 20. Bxd5
{[%clk 0:02:09]} Nxd5 {[%clk 0:03:19]} 21. Nc4 {[%clk 0:01:56]} Rc8 {[%clk
0:02:31]} 22. Qe4 {[%clk 0:01:46]} Rc7 {[%clk 0:02:32]} 23. Ne3 {[%clk 0:01:37]}
Nxe3 {[%clk 0:02:09]} 24. Qxb7 {[%clk 0:01:34]} Rxb7 {[%clk 0:02:11]} 25. fxe3
{[%clk 0:01:36]} Rc7 {[%clk 0:02:07]} 26. Rxc7 {[%clk 0:01:36]} Nxc7 {[%clk
0:02:09]} 27. e4 {[%clk 0:01:33]} f5 {[%clk 0:02:05]} 28. Nd2 {[%clk 0:01:11]}
Bh6 {[%clk 0:02:03]} 29. Nb1 {[%clk 0:01:07]} fxe4 {[%clk 0:02:04]} 30. Nc3
{[%clk 0:01:09]} Be3+ {[%clk 0:02:03]} 31. Kf1 {[%clk 0:01:09]} Bxd4 {[%clk
0:02:04]} 32. Nd1 {[%clk 0:01:07]} e5 {[%clk 0:01:59]} 33. Ke2 {[%clk 0:01:05]}
Nd5 {[%clk 0:01:54]} 34. Bc1 {[%clk 0:00:53]} Kf7 {[%clk 0:01:54]} 35. Ba3 {[%clk
0:00:43]} Ke6 {[%clk 0:01:53]} 0-1

[Event "French Blitz Championship"]
[Site "portmarly2022.ffechecs.org"]
[Date "2022.05.28"]
[Round "10"]
[White "David, Alberto"]
[Black "Daeschler, Florian"]
[Result "1-0"]
[Board "7"]
[WhiteElo "2548"]
[WhiteTitle "GM"]
[WhiteCountry "ITA"]
[WhiteFideId "4000013"]
[WhiteEloChange "1"]
[BlackElo "2195"]
[BlackTitle "FM"]
[BlackCountry "FRA"]
[BlackFideId "20678193"]
[BlackEloChange "-2"]

1. e4 {[%clk 0:05:05]} e5 {[%clk 0:05:06]} 2. Nf3 {[%clk 0:05:06]} Nc6 {[%clk
0:05:08]} 3. Bb5 {[%clk 0:05:08]} a6 {[%clk 0:05:10]} 4. Ba4 {[%clk 0:05:10]} Nf6
{[%clk 0:05:12]} 5. d3 {[%clk 0:05:12]} d6 {[%clk 0:05:14]} 6. c3 {[%clk
0:05:14]} g6 {[%clk 0:05:15]} 7. O-O {[%clk 0:05:15]} Bg7 {[%clk 0:05:17]} 8. h3
{[%clk 0:05:17]} O-O {[%clk 0:05:18]} 9. Be3 {[%clk 0:05:19]} Nd7 {[%clk
0:05:14]} 10. d4 {[%clk 0:05:17]} b5 {[%clk 0:04:52]} 11. Bc2 {[%clk 0:05:00]}
Qe7 {[%clk 0:04:46]} 12. Re1 {[%clk 0:04:52]} h6 {[%clk 0:04:40]} 13. a4 {[%clk
0:04:37]} Rb8 {[%clk 0:04:38]} 14. axb5 {[%clk 0:04:37]} axb5 {[%clk 0:04:39]}
15. Nbd2 {[%clk 0:04:08]} Kh7 {[%clk 0:04:32]} 16. Nf1 {[%clk 0:04:00]} exd4
{[%clk 0:04:32]} 17. cxd4 {[%clk 0:04:00]} Nb4 {[%clk 0:04:32]} 18. Bb1 {[%clk
0:04:00]} Nc6 {[%clk 0:04:10]} 1-0

[Event "French Blitz Championship"]
[Site "portmarly2022.ffechecs.org"]
[Date "2022.05.28"]
[Round "11"]
[White "Guliyev, Namig"]
[Black "Boyer, Mahel"]
[Result "0-1"]
[Board "1"]
[WhiteElo "2487"]
[WhiteTitle "GM"]
[WhiteCountry "AZE"]
[WhiteFideId "13400363"]
[WhiteEloChange "-7"]
[BlackElo "2328"]
[BlackTitle "IM"]
[BlackCountry "FRA"]
[BlackFideId "45102422"]
[BlackEloChange "14"]

1. e4 {[%clk 0:05:05]} Nc6 {[%clk 0:05:05]} 2. Nf3 {[%clk 0:05:07]} d5 {[%clk
0:05:07]} 3. exd5 {[%clk 0:05:09]} Qxd5 {[%clk 0:05:09]} 4. Nc3 {[%clk 0:05:10]}
Qh5 {[%clk 0:05:11]} 5. Be2 {[%clk 0:05:06]} Bg4 {[%clk 0:05:13]} 6. d3 {[%clk
0:04:55]} O-O-O {[%clk 0:05:13]} 7. Be3 {[%clk 0:04:56]} e5 {[%clk 0:05:15]} 8.
Qd2 {[%clk 0:04:56]} f5 {[%clk 0:05:16]} 9. Qc1 {[%clk 0:04:11]} Nf6 {[%clk
0:05:16]} 10. h3 {[%clk 0:04:10]} Bb4 {[%clk 0:04:40]} 11. Rg1 {[%clk 0:04:12]}
Bxf3 {[%clk 0:04:40]} 12. Bxf3 {[%clk 0:04:13]} Qe8 {[%clk 0:04:42]} 13. a3
{[%clk 0:04:09]} Bxc3+ {[%clk 0:04:20]} 14. bxc3 {[%clk 0:04:10]} f4 {[%clk
0:04:21]} 15. Bd2 {[%clk 0:03:24]} e4 {[%clk 0:04:23]} 16. dxe4 {[%clk 0:02:57]}
Nxe4 {[%clk 0:03:55]} 17. Bxf4 {[%clk 0:02:57]} Nxc3+ {[%clk 0:03:10]} 18. Be3
{[%clk 0:02:38]} Nd4 {[%clk 0:02:50]} 19. Kf1 {[%clk 0:02:29]} Qb5+ {[%clk
0:02:50]} 0-1

[Event "French Blitz Championship"]
[Site "portmarly2022.ffechecs.org"]
[Date "2022.05.28"]
[Round "11"]
[White "Shchekachev, Andrei"]
[Black "Dionisi, Thomas"]
[Result "1-0"]
[Board "2"]
[WhiteElo "2500"]
[WhiteTitle "GM"]
[WhiteCountry "FRA"]
[WhiteFideId "4107730"]
[WhiteEloChange "3"]
[BlackElo "2326"]
[BlackTitle "IM"]
[BlackCountry "FRA"]
[BlackFideId "651893"]
[BlackEloChange "-5"]

1. Nf3 {[%clk 0:05:04]} Nf6 {[%clk 0:04:58]} 2. c4 {[%clk 0:05:04]} e6 {[%clk
0:04:55]} 3. Nc3 {[%clk 0:05:04]} d5 {[%clk 0:04:50]} 4. e3 {[%clk 0:05:05]} b6
{[%clk 0:04:34]} 5. b3 {[%clk 0:04:47]} Bb7 {[%clk 0:04:36]} 6. Bb2 {[%clk
0:04:47]} Be7 {[%clk 0:04:32]} 7. cxd5 {[%clk 0:04:25]} exd5 {[%clk 0:04:30]} 8.
g3 {[%clk 0:04:23]} d4 {[%clk 0:03:42]} 9. exd4 {[%clk 0:04:25]} Nc6 {[%clk
0:03:30]} 10. Bg2 {[%clk 0:03:21]} Nxd4 {[%clk 0:03:32]} 11. O-O {[%clk 0:03:22]}
O-O {[%clk 0:03:14]} 12. Nxd4 {[%clk 0:02:27]} Bxg2 {[%clk 0:03:15]} 13. Ne6
{[%clk 0:02:29]} Qc8 {[%clk 0:02:19]} 14. Kxg2 {[%clk 0:02:29]} Qxe6 {[%clk
0:02:22]} 15. Re1 {[%clk 0:02:30]} Qd7 {[%clk 0:02:17]} 16. Qf3 {[%clk 0:02:10]}
Rad8 {[%clk 0:01:58]} 17. Re2 {[%clk 0:01:37]} Bc5 {[%clk 0:01:32]} 18. Rae1
{[%clk 0:01:20]} Rfe8 {[%clk 0:01:10]} 19. Rxe8+ {[%clk 0:00:35]} Rxe8 {[%clk
0:01:12]} 20. Rxe8+ {[%clk 0:00:37]} Qxe8 {[%clk 0:00:45]} 21. Nd5 {[%clk
0:00:31]} Nxd5 {[%clk 0:00:39]} 22. Qxd5 {[%clk 0:00:32]} a5 {[%clk 0:00:15]} 23.
a4 {[%clk 0:00:17]} h6 {[%clk 0:00:15]} 24. Bc3 {[%clk 0:00:10]} Qe2 {[%clk
0:00:11]} 25. Qf5 {[%clk 0:00:06]} Qe7 {[%clk 0:00:06]} 1-0

[Event "French Blitz Championship"]
[Site "portmarly2022.ffechecs.org"]
[Date "2022.05.28"]
[Round "11"]
[White "Fressinet, Laurent"]
[Black "Eden, James"]
[Result "1-0"]
[Board "3"]
[WhiteTitle "GM"]
[WhiteElo "2677"]
[WhiteCountry "FRA"]
[WhiteFideId "608742"]
[WhiteEloChange "1"]
[BlackElo "2221"]
[BlackTitle "IM"]
[BlackCountry "FRA"]
[BlackFideId "666491"]
[BlackEloChange "-2"]

1. d4 {[%clk 0:05:05]} d5 {[%clk 0:05:03]} 2. Nf3 {[%clk 0:05:04]} Nf6 {[%clk
0:05:01]} 3. c4 {[%clk 0:05:06]} c6 {[%clk 0:05:00]} 4. g3 {[%clk 0:05:07]} Bg4
{[%clk 0:04:47]} 5. Ne5 {[%clk 0:05:00]} Be6 {[%clk 0:04:38]} 6. cxd5 {[%clk
0:04:34]} Bxd5 {[%clk 0:04:33]} 7. f3 {[%clk 0:04:35]} Nbd7 {[%clk 0:04:29]} 8.
Nc3 {[%clk 0:04:33]} Be6 {[%clk 0:04:09]} 9. e4 {[%clk 0:04:21]} Nxe5 {[%clk
0:03:41]} 10. dxe5 {[%clk 0:04:22]} Qxd1+ {[%clk 0:03:32]} 11. Nxd1 {[%clk
0:04:08]} Nd7 {[%clk 0:03:31]} 12. f4 {[%clk 0:04:08]} Nc5 {[%clk 0:03:25]} 13.
Nc3 {[%clk 0:04:10]} Bg4 {[%clk 0:03:11]} 14. Kf2 {[%clk 0:03:17]} O-O-O {[%clk
0:01:46]} 15. Be3 {[%clk 0:02:57]} Nd3+ {[%clk 0:01:32]} 16. Bxd3 {[%clk
0:02:58]} Rxd3 {[%clk 0:01:33]} 17. h3 {[%clk 0:02:54]} Bd7 {[%clk 0:01:26]} 18.
Ke2 {[%clk 0:02:48]} Rxe3+ {[%clk 0:01:15]} 19. Kxe3 {[%clk 0:02:50]} f6 {[%clk
0:01:02]} 20. exf6 {[%clk 0:02:29]} exf6 {[%clk 0:01:03]} 21. Rad1 {[%clk
0:02:30]} Bc5+ {[%clk 0:01:02]} 22. Kf3 {[%clk 0:02:32]} h5 {[%clk 0:00:56]} 23.
f5 {[%clk 0:02:12]} Kc7 {[%clk 0:00:49]} 24. Rd2 {[%clk 0:02:02]} Bc8 {[%clk
0:00:43]} 25. Rc1 {[%clk 0:01:59]} Kb8 {[%clk 0:00:24]} 26. Ne2 {[%clk 0:01:42]}
Bb4 {[%clk 0:00:19]} 27. Rd3 {[%clk 0:01:37]} g6 {[%clk 0:00:16]} 28. Nd4 {[%clk
0:01:07]} gxf5 {[%clk 0:00:11]} 29. exf5 {[%clk 0:01:01]} Rg8 {[%clk 0:00:12]}
30. Ne6 {[%clk 0:01:00]} Be7 {[%clk 0:00:09]} 31. Re1 {[%clk 0:00:57]} b6 {[%clk
0:00:10]} 32. Nd4 {[%clk 0:00:44]} Bb7 {[%clk 0:00:04]} 33. Rxe7 {[%clk 0:00:43]}
1-0

[Event "French Blitz Championship"]
[Site "portmarly2022.ffechecs.org"]
[Date "2022.05.28"]
[Round "11"]
[White "Vlachos, Anatole"]
[Black "Lagarde, Maxime"]
[Result "0-1"]
[Board "4"]
[WhiteElo "2361"]
[WhiteTitle "IM"]
[WhiteCountry "GRE"]
[WhiteFideId "26093189"]
[WhiteEloChange "-4"]
[BlackElo "2622"]
[BlackTitle "GM"]
[BlackCountry "FRA"]
[BlackFideId "662399"]
[BlackEloChange "2"]

1. e4 {[%clk 0:05:05]} c5 {[%clk 0:05:05]} 2. Nf3 {[%clk 0:05:07]} Nf6 {[%clk
0:05:07]} 3. e5 {[%clk 0:05:03]} Nd5 {[%clk 0:05:09]} 4. Nc3 {[%clk 0:04:58]}
Nxc3 {[%clk 0:05:01]} 5. dxc3 {[%clk 0:05:00]} Nc6 {[%clk 0:05:03]} 6. Bf4 {[%clk
0:05:01]} e6 {[%clk 0:04:34]} 7. Qd2 {[%clk 0:04:54]} h6 {[%clk 0:04:35]} 8. h4
{[%clk 0:04:56]} b6 {[%clk 0:04:18]} 9. O-O-O {[%clk 0:04:53]} Bb7 {[%clk
0:04:18]} 10. Qe3 {[%clk 0:04:47]} Ne7 {[%clk 0:03:57]} 11. c4 {[%clk 0:04:38]}
Qc7 {[%clk 0:03:43]} 12. Bd3 {[%clk 0:04:21]} Nc6 {[%clk 0:03:37]} 13. Be4 {[%clk
0:03:03]} Rd8 {[%clk 0:02:51]} 14. Rd2 {[%clk 0:03:01]} Na5 {[%clk 0:02:27]} 15.
b3 {[%clk 0:03:02]} Bxe4 {[%clk 0:02:07]} 16. Qxe4 {[%clk 0:03:04]} Be7 {[%clk
0:02:09]} 17. Rhd1 {[%clk 0:02:56]} Qc6 {[%clk 0:02:08]} 18. Qe3 {[%clk 0:02:44]}
a6 {[%clk 0:02:06]} 19. Rd6 {[%clk 0:02:12]} Bxd6 {[%clk 0:01:57]} 20. exd6
{[%clk 0:02:14]} f6 {[%clk 0:01:45]} 21. Qd3 {[%clk 0:02:06]} O-O {[%clk
0:01:44]} 22. Qg6 {[%clk 0:01:43]} b5 {[%clk 0:01:36]} 23. Bxh6 {[%clk 0:01:39]}
Rf7 {[%clk 0:01:38]} 24. h5 {[%clk 0:01:16]} bxc4 {[%clk 0:01:36]} 25. Bd2 {[%clk
0:00:37]} cxb3 {[%clk 0:01:38]} 26. axb3 {[%clk 0:00:38]} Nb7 {[%clk 0:01:29]}
27. h6 {[%clk 0:00:38]} Nxd6 {[%clk 0:01:09]} 28. Bf4 {[%clk 0:00:30]} Qe4 {[%clk
0:01:11]} 29. Qg3 {[%clk 0:00:13]} Nf5 {[%clk 0:01:06]} 30. Qh2 {[%clk 0:00:15]}
g5 {[%clk 0:00:37]} 31. Bxg5 {[%clk 0:00:11]} fxg5 {[%clk 0:00:39]} 32. Nxg5
{[%clk 0:00:13]} Qh4 {[%clk 0:00:40]} 33. h7+ {[%clk 0:00:10]} Rxh7 {[%clk
0:00:39]} 0-1

[Event "French Blitz Championship"]
[Site "portmarly2022.ffechecs.org"]
[Date "2022.05.28"]
[Round "11"]
[White "Sochacki, Christophe"]
[Black "David, Alberto"]
[Result "1-0"]
[Board "5"]
[WhiteElo "2480"]
[WhiteTitle "GM"]
[WhiteCountry "FRA"]
[WhiteFideId "662569"]
[WhiteEloChange "6"]
[BlackElo "2548"]
[BlackTitle "GM"]
[BlackCountry "ITA"]
[BlackFideId "4000013"]
[BlackEloChange "-6"]

1. b3 {[%clk 0:05:04]} d5 {[%clk 0:05:01]} 2. Nf3 {[%clk 0:05:04]} c5 {[%clk
0:04:52]} 3. e3 {[%clk 0:05:06]} a6 {[%clk 0:04:49]} 4. Bb2 {[%clk 0:05:07]} Nc6
{[%clk 0:04:50]} 5. Be2 {[%clk 0:04:37]} d4 {[%clk 0:04:37]} 6. O-O {[%clk
0:04:21]} Nf6 {[%clk 0:04:39]} 7. Re1 {[%clk 0:04:10]} g6 {[%clk 0:04:31]} 8. a4
{[%clk 0:03:08]} Bg7 {[%clk 0:04:31]} 9. Na3 {[%clk 0:03:09]} O-O {[%clk
0:04:32]} 10. Nc4 {[%clk 0:03:11]} Nd5 {[%clk 0:04:30]} 11. a5 {[%clk 0:02:56]}
e5 {[%clk 0:03:37]} 12. exd4 {[%clk 0:02:22]} exd4 {[%clk 0:03:25]} 13. Bd3
{[%clk 0:02:19]} Be6 {[%clk 0:02:57]} 14. Be4 {[%clk 0:02:19]} Ncb4 {[%clk
0:02:42]} 15. Rc1 {[%clk 0:01:59]} f5 {[%clk 0:01:54]} 16. Bd3 {[%clk 0:01:54]}
Re8 {[%clk 0:01:43]} 17. Bf1 {[%clk 0:01:53]} Rc8 {[%clk 0:01:41]} 18. Nfe5
{[%clk 0:01:46]} Nc6 {[%clk 0:01:08]} 19. Nxc6 {[%clk 0:01:45]} Rxc6 {[%clk
0:01:10]} 20. Qf3 {[%clk 0:01:42]} Rc7 {[%clk 0:01:06]} 21. Re2 {[%clk 0:01:28]}
d3 {[%clk 0:00:59]} 22. cxd3 {[%clk 0:01:10]} Bxb2 {[%clk 0:00:59]} 23. Nxb2
{[%clk 0:01:12]} Nb4 {[%clk 0:00:59]} 24. Re5 {[%clk 0:01:04]} Bd5 {[%clk
0:00:36]} 25. Qe3 {[%clk 0:00:46]} Rxe5 {[%clk 0:00:38]} 26. Qxe5 {[%clk
0:00:48]} Re7 {[%clk 0:00:39]} 27. Qf6 {[%clk 0:00:49]} Qf8 {[%clk 0:00:27]} 28.
Qxf8+ {[%clk 0:00:41]} Kxf8 {[%clk 0:00:30]} 29. Rxc5 {[%clk 0:00:43]} Re1 {[%clk
0:00:30]} 30. f3 {[%clk 0:00:38]} Bxb3 {[%clk 0:00:26]} 31. Kf2 {[%clk 0:00:38]}
Rb1 {[%clk 0:00:26]} 32. Nc4 {[%clk 0:00:40]} Nc6 {[%clk 4:04:05]} 33. d4 {[%clk
0:00:35]} Nxd4 {[%clk 0:00:08]} 34. Nd6 {[%clk 0:00:35]} Ne6 {[%clk 0:00:08]} 35.
Rc8+ {[%clk 0:00:36]} Ke7 {[%clk 0:00:10]} 36. Nxb7 {[%clk 0:00:34]} Bd5 {[%clk
0:00:09]} 37. Nc5 {[%clk 0:00:34]} Rc1 {[%clk 0:00:10]} 38. d4 {[%clk 0:00:33]}
Nxd4 {[%clk 0:00:12]} 39. Bxa6 {[%clk 0:00:33]} Ra1 {[%clk 0:00:13]} 40. Bb7
{[%clk 0:00:28]} Bf7 {[%clk 0:00:06]} 41. a6 {[%clk 0:00:25]} f4 {[%clk 0:00:08]}
42. Rc7+ {[%clk 0:00:16]} Kd6 {[%clk 0:00:09]} 43. Rxf7 {[%clk 0:00:18]} Kxc5
{[%clk 0:00:11]} 44. Rxh7 {[%clk 0:00:19]} Ra2+ {[%clk 0:00:13]} 45. Ke1 {[%clk
0:00:21]} Nc2+ {[%clk 0:00:10]} 46. Kd1 {[%clk 0:00:19]} Ne3+ {[%clk 0:00:10]}
47. Kc1 {[%clk 0:00:21]} Nxg2 {[%clk 0:00:12]} 48. Rc7+ {[%clk 0:00:13]} Kb6
{[%clk 0:00:13]} 49. Rc6+ {[%clk 0:00:15]} Ka7 {[%clk 0:00:15]} 50. Rxg6 {[%clk
0:00:17]} Ne1 {[%clk 0:00:16]} 51. h4 {[%clk 0:00:17]} Nd3+ {[%clk 0:00:18]} 52.
Kb1 {[%clk 0:00:19]} Rb2+ {[%clk 0:00:20]} 53. Ka1 {[%clk 0:00:22]} Rh2 {[%clk
0:00:22]} 54. Rg4 {[%clk 0:00:12]} Kb6 {[%clk 0:00:24]} 55. Bc8 {[%clk 0:00:12]}
Ka7 {[%clk 0:00:23]} 56. Rg7+ {[%clk 0:00:13]} Ka8 {[%clk 0:00:13]} 57. Bb7+
{[%clk 0:00:15]} Kb8 {[%clk 0:00:14]} 58. a7+ {[%clk 0:00:12]} Kxa7 {[%clk
0:00:16]} 59. Be4+ {[%clk 0:00:14]} Kb6 {[%clk 0:00:18]} 60. Bxd3 {[%clk
0:00:16]} 1-0

[Event "French Blitz Championship"]
[Site "portmarly2022.ffechecs.org"]
[Date "2022.05.28"]
[Round "11"]
[White "Bellahcene, Bilel"]
[Black "Laurent, Julien G."]
[Result "1-0"]
[Board "6"]
[WhiteElo "2562"]
[WhiteTitle "GM"]
[WhiteCountry "ALG"]
[WhiteFideId "696358"]
[WhiteEloChange "2"]
[BlackElo "2326"]
[BlackTitle "FM"]
[BlackCountry "FRA"]
[BlackFideId "618500"]
[BlackEloChange "-4"]

1. e4 {[%clk 0:05:05]} c6 {[%clk 0:05:05]} 2. d4 {[%clk 0:05:07]} d5 {[%clk
0:05:07]} 3. e5 {[%clk 0:05:09]} Bf5 {[%clk 0:05:08]} 4. g4 {[%clk 0:05:11]} Bd7
{[%clk 0:05:00]} 5. Nc3 {[%clk 0:05:11]} h5 {[%clk 0:04:43]} 6. gxh5 {[%clk
0:05:09]} Nh6 {[%clk 0:04:44]} 7. Nge2 {[%clk 0:04:48]} Bg4 {[%clk 0:04:11]} 8.
Qd3 {[%clk 0:04:50]} e6 {[%clk 0:03:58]} 9. Ng3 {[%clk 0:04:48]} Nf5 {[%clk
0:03:18]} 10. Be2 {[%clk 0:04:49]} Bxe2 {[%clk 0:02:48]} 11. Ncxe2 {[%clk
0:04:51]} Nh4 {[%clk 0:02:30]} 12. Bd2 {[%clk 0:04:48]} Nd7 {[%clk 0:02:26]} 13.
O-O-O {[%clk 0:04:48]} c5 {[%clk 0:02:21]} 14. f4 {[%clk 0:04:30]} cxd4 {[%clk
0:02:00]} 15. Nxd4 {[%clk 0:04:27]} Bc5 {[%clk 0:01:51]} 16. Nb3 {[%clk 0:04:23]}
Bf2 {[%clk 0:01:27]} 17. Kb1 {[%clk 0:04:18]} Qb6 {[%clk 0:01:18]} 18. Qe2 {[%clk
0:04:13]} g6 {[%clk 0:00:53]} 19. hxg6 {[%clk 0:04:08]} fxg6 {[%clk 0:00:48]} 20.
Rhf1 {[%clk 0:04:06]} Bc5 {[%clk 0:00:44]} 21. Qg4 {[%clk 0:04:01]} Kf7 {[%clk
0:00:41]} 22. Be1 {[%clk 0:03:48]} Nf5 {[%clk 0:00:41]} 23. Ne4 {[%clk 0:03:43]}
dxe4 {[%clk 0:00:27]} 24. Rxd7+ {[%clk 0:03:43]} Be7 {[%clk 0:00:29]} 25. Qg5
{[%clk 0:03:30]} Rhg8 {[%clk 0:00:30]} 26. Bh4 {[%clk 0:03:15]} Qb4 {[%clk
0:00:11]} 27. Qf6+ {[%clk 0:03:14]} Ke8 {[%clk 0:00:13]} 28. Qxe6 {[%clk
0:03:14]} Nxh4 {[%clk 0:00:09]} 29. Rxe7+ {[%clk 0:03:08]} Qxe7 {[%clk 0:00:09]}
30. Qxg8+ {[%clk 0:03:10]} Qf8 {[%clk 0:00:09]} 31. Qd5 {[%clk 0:03:11]} 1-0

[Event "French Blitz Championship"]
[Site "portmarly2022.ffechecs.org"]
[Date "2022.05.28"]
[Round "11"]
[White "Gatineau, Yovann"]
[Black "Giroyan, Gary"]
[Result "1-0"]
[Board "8"]
[WhiteElo "2183"]
[WhiteTitle "IM"]
[WhiteCountry "FRA"]
[WhiteFideId "26028999"]
[WhiteEloChange "16"]
[BlackElo "2420"]
[BlackTitle "IM"]
[BlackCountry "FRA"]
[BlackFideId "680281"]
[BlackEloChange "-8"]

1. d4 {[%clk 0:05:05]} Nf6 {[%clk 0:05:05]} 2. Bf4 {[%clk 0:05:07]} g6 {[%clk
0:05:05]} 3. Nc3 {[%clk 0:05:09]} d5 {[%clk 0:04:24]} 4. e3 {[%clk 0:05:10]} Bg7
{[%clk 0:04:25]} 5. h4 {[%clk 0:05:12]} h5 {[%clk 0:04:20]} 6. Nf3 {[%clk
0:05:13]} c5 {[%clk 0:04:21]} 7. Nb5 {[%clk 0:04:59]} Na6 {[%clk 0:04:11]} 8. c3
{[%clk 0:04:58]} O-O {[%clk 0:04:10]} 9. Be2 {[%clk 0:04:48]} Bf5 {[%clk
0:03:53]} 10. a4 {[%clk 0:04:48]} Ne4 {[%clk 0:03:36]} 11. O-O {[%clk 0:04:29]}
Qd7 {[%clk 0:02:50]} 12. Ne5 {[%clk 0:04:21]} Qe6 {[%clk 0:02:44]} 13. Nd3 {[%clk
0:03:17]} Rfc8 {[%clk 0:02:23]} 14. Bf3 {[%clk 0:03:10]} Nd6 {[%clk 0:02:08]} 15.
Bxd6 {[%clk 0:02:48]} exd6 {[%clk 0:02:10]} 16. Nf4 {[%clk 0:02:50]} Qd7 {[%clk
0:01:59]} 17. Bxd5 {[%clk 0:02:47]} cxd4 {[%clk 0:01:50]} 18. exd4 {[%clk
0:02:44]} Nb8 {[%clk 0:01:40]} 19. Qf3 {[%clk 0:02:39]} Nc6 {[%clk 0:01:41]} 20.
Rfe1 {[%clk 0:02:34]} Rab8 {[%clk 0:01:02]} 21. Qg3 {[%clk 0:02:31]} a6 {[%clk
0:00:52]} 22. Na3 {[%clk 0:02:27]} Ne7 {[%clk 0:00:51]} 23. Bb3 {[%clk 0:02:13]}
b5 {[%clk 0:00:29]} 24. axb5 {[%clk 0:02:03]} axb5 {[%clk 0:00:32]} 25. Nc2
{[%clk 0:01:19]} Bxc2 {[%clk 0:00:06]} 26. Bxc2 {[%clk 0:01:07]} b4 {[%clk
0:00:05]} 27. Ba4 {[%clk 0:01:02]} Qc7 {[%clk 0:00:04]} 28. Qg5 {[%clk 0:00:49]}
Kf8 {[%clk 0:00:06]} 29. Re3 {[%clk 0:00:31]} Nf5 {[%clk 0:00:07]} 30. Rf3 {[%clk
0:00:26]} Bh6 {[%clk 0:00:10]} 31. Nxg6+ {[%clk 0:00:25]} fxg6 {[%clk 0:00:10]}
32. Qxg6 {[%clk 0:00:27]} Qf7 {[%clk 0:00:08]} 33. Rxf5 {[%clk 0:00:28]} 1-0